000 00472nam a2200181 i 4500
001 88175
003 ES-MaACL
005 20240505063023.0
007 t|
008 050103s1973 sp ||||1| spa d
100 0 _aLagos, Concha,
_d1907-2007
_969595
245 1 3 _aLa aventura /
_cConcha Lagos.
260 _aMadrid :
_bAlfaguara,
_c1973.
300 _a92 p. ;
_c22 cm.
852 _aES-MaACL
_jC-52423
_bR.85924
942 _2udc
999 _c88175
_d88175